Jesucristo redentor

Guardat en:
Dades bibliogràfiques
Autor principal: Gomá y Tomás, Isidro (Autor)
Format: Llibre
Idioma:espanyol
Publicat: Barcelona Rafael Casulleras 1933
Edició:1a. ed
Matèries:
Etiquetes: Afegir etiqueta
Sense etiquetes, Sigues el primer a etiquetar aquest registre!

MARC

LEADER 00000cam a2200000 a 4500
001 UCD0746
003 CL-VaPUC
008 151210e19330000sp |||||||||||||||||spa|d
082 0 4 |a 232  |b GOM  |2 21 
100 |a Gomá y Tomás, Isidro  |e author  |9 583892 
245 1 0 |a Jesucristo redentor 
250 |a 1a. ed 
300 |a 675 p 
942 |c BK 
945 |d 20151210 22:58:00  |a gsalatino 
260 |a Barcelona  |b Rafael Casulleras  |c 1933 
600 0 |a Jesucristo  |9 481811 
650 0 |a Cristología   |9 315091 
650 7 |a SAGRADO CORAZON DE JESUS  |2 CL-VaPUC  |9 529784 
583 |a last modification  |c 20151210 22:58:00  |k Rodrigo Vera 
999 |c 362208  |d 362206 
952 |0 0  |1 0  |3 erd  |4 0  |6 232_000000000000000_GOM_1933  |7 0  |8 P  |9 473182  |a BIBTEO  |b BIBTEO  |i 5273439  |o 232 GOM 1933  |p 5273439  |r 2019-11-24  |w 2019-11-24  |y BK  |z Catalogado en:20151210  |k ICR